000 00696nam a2200217Ii 4500
003 JO-AjNU
008 230605s9999||||xx |||||||||||||| ||und||
017 _a2010/5/1727
040 _aJO-AjNU
_bara
_erda
_cJO-AjNU
041 _aara
050 1 4 _aPJ7824.A346.A72 2011
100 3 _aعوض الله، ابراهيم ,
_eauthor
_957553
245 0 0 _aاحلام يوسف: رواية
250 _aط1
264 3 1 _aعمان: دار فضاءات للنشر والتوزيع، 2011
300 _a189ص
336 _atext
_btxt
_2rdacontent
337 _aunmediated
_bn
_2rdamedia
338 _avolume
_bnc
_2rdacarrier
650 4 _aالقصص العربية - العصر الحديث
_957554
999 _aA25799
_c29367
_d29367